Life history of the northern squawfish Ptychocheilus oregonensis [Richardson] in the St. Joe River, Idaho /
Saved in:
| Main Author: | |
|---|---|
| Format: | Thesis Book |
| Language: | English |
| Published: |
1971
|
| Subjects: | |
| Tags: |
Add Tag
No Tags, Be the first to tag this record!
|
| LEADER | 00927nam a2200301 4500 | ||
|---|---|---|---|
| 001 | u86329 | ||
| 003 | SIRSI | ||
| 008 | 890921s1971 us v 0 eng | ||
| 015 | |a X890086106 | ||
| 035 | |a AAJ-3998 | ||
| 040 | |a UMM | ||
| 043 | |a n-us-id | ||
| 049 | 0 | 0 | |a mkk |
| 050 | 0 | |a QL638.C94 | |
| 090 | 0 | 0 | |a QL638 |b C94Rei |d Closed stacks |
| 100 | 1 | 0 | |a Reid, George Edward |
| 245 | 1 | 0 | |a Life history of the northern squawfish Ptychocheilus oregonensis [Richardson] in the St. Joe River, Idaho / |c George Edward Reid |
| 260 | |c 1971 | ||
| 300 | |a 61p. : |b ill. ; |c 28cm | ||
| 500 | |a Photocopy | ||
| 502 | |a Dissertation (M.Sc.) - University of Idaho | ||
| 504 | 0 | 0 | |a Bibliography: p.59-61 |
| 650 | 0 | |a Ptychocheilus oregonensis | |
| 984 | |c Closed stacks QL638.C94Rei@100692890F | ||
| 998 | 0 | 0 | |a UMM |
| 948 | |a 17/03/1991 |b 17/03/1991 | ||
| 596 | |a 1 | ||
| 999 | |a QL638 C94REI |w LC |c 1 |i A002918543 |l STACKS |m P01UTAMA |r Y |s Y |t TESIS |u 19/3/1992 | ||
